|
|
|
|
| LEADER |
00000nam0a2200000 4500 |
| 001 |
216178 |
| 005 |
20231101230024.0 |
| 010 |
|
|
|a 9785904522667
|
| 035 |
|
|
|a (RuTPU)RU\TPU\book\236140
|
| 090 |
|
|
|a 216178
|
| 100 |
|
|
|a 20120522d2010 km y0rusy50 ca
|
| 101 |
1 |
|
|a rus
|c eng
|
| 102 |
|
|
|a RU
|
| 105 |
|
|
|a a z 000zy
|
| 200 |
1 |
|
|a Искусство заключать сделки
|e пер. с англ.
|f Д. Трамп, Т. Шварц
|
| 205 |
|
|
|a 6-е изд.
|
| 210 |
|
|
|a Москва
|c Альпина Бизнес Букс
|d 2010
|
| 215 |
|
|
|a 279 с.
|c ил.
|
| 330 |
|
|
|a Книга одного из самых успешных застройщиков Нью-Йорка Дональда Трампа вводит читателя в мир большого бизнеса, показывая, как заключают и проводят сделки, строят небоскребы, игорные заведения, как преодолевают бюрократические препоны. Трамп рассказывает о масштабных проектах, которые наложили заметный отпечаток на облик Нью-Йорка и Атлантик-Сити, живо, иронично описывает эпизоды из собственной жизни, попутно раскрывая секреты искусства заключения крупных сделок.Книга адресована широкому кругу читателей.
|
| 606 |
1 |
|
|a Предпринимательская деятельность
|2 stltpush
|3 (RuTPU)RU\TPU\subj\36666
|9 57967
|
| 610 |
1 |
|
|a бизнес
|
| 610 |
1 |
|
|a предпринимательская культура
|
| 610 |
1 |
|
|a предпринимательские риски
|
| 610 |
1 |
|
|a предпринимательский успех
|
| 610 |
1 |
|
|a предпринимательство
|
| 610 |
1 |
|
|a жизненные цели
|
| 610 |
1 |
|
|a жизненные ценности
|
| 610 |
1 |
|
|a недвижимость
|
| 610 |
1 |
|
|a сделки
|
| 610 |
1 |
|
|a практические ситуации
|
| 686 |
|
|
|a У012.12
|v LBC/SL-A
|2 rubbk
|
| 700 |
|
1 |
|a Трамп
|b Д.
|g Дональд
|
| 701 |
|
1 |
|a Шварц
|b Т.
|g Тони
|
| 801 |
|
1 |
|a RU
|b 63413507
|c 20120522
|
| 801 |
|
2 |
|a RU
|b 63413507
|c 20120918
|g RCR
|
| 942 |
|
|
|c BK
|
| 959 |
|
|
|a 80/20120522
|d 1
|e 460,00
|f ЧЗГЛ:1
|